000 00632nam a2200193Ia 4500
003 IN-BaIIA
008 211028s9999 xx 000 0 eng d
020 _a0-471-50315-0
040 _cIIA Library
080 _a519.6
_bULS
100 _aUlsoy, A. Galip
_928288
245 0 _aMicrocomputer applications in manufacturing
_cA Galip Ulsoy and Warren R. Devries
260 _aNew York
_bJohn Wiley & Sons
_c1989
300 _axi, 368p.
650 _aManufacturing processes-data processing
_928289
650 _aMicrocomputers
_99969
700 _aDevries, Warren R.
_928290
942 _cBK
999 _c15332
_d15332